Clash Royale Card Member Numbers - Epic - Statistics

General Stats
  • This quiz has been taken 129 times
    120 since last reset
  • The average score is 15 of 21
Answer Stats
Hint Answer % Correct
Hunter 1
82%
Electro Giant 1
82%
Goblin Barrel 3
82%
Dark Prince 1
81%
Electro Dragon 1
81%
Knight 1
80%
Bowler 1
80%
Executioner 1
80%
Guards 3
80%
Baby Dragon 1
79%
Wall Breakers 2
79%
Barbarian Barrel 1
78%
Balloon 1
78%
Pekka 1
78%
Giant Skeleton 1
76%
Skeleton Army 15
75%
Cannon Cart 1
73%
Witch 1
52%
Goblin Giant 3
46%
Golem 3
34%
Goblin Curse 2
7%
No matching quizzes found
Score Distribution
Percent of People with Each Score
Percentile by Number Answered
Your Score History
You have not taken this quiz since the last reset